00381nam a2200133Ia 4500008004100000040001600041041001200057082002000069100002400089245007900113250001200192260002900204300001400233230917s9999||||xx |||||||||||||| ||und|| e44512aMAIN aEnglish a294.594 K159B:K aBandyopadhyaya, N C 0aKatyayna-mata-sangraha or a collection of the legal fragments of Katyayana a2nd ed. aDelhibSri Satguruc1986 a32, 91 p.